Gamme de Mots - E - Statistiques

Statistiques générales
  • Ce quiz a été pris 109 fois
  • Le résultat moyen est 10 sur 23
Statistiques - réponses
Définition Réponse % Correct
Nombre d'Euler e
92%
De Grimm ou de Perrault CONTE
88%
Cérium Ce
87%
Lettre la plus courante en français E
84%
Note de musique
82%
Pas grand chose... RIEN
79%
... ETC
76%
Colère IRE
76%
1100100 en binaire CENT
58%
Se déplace en avant, en arrière, à droite, à gauche et en diagonale REINE
51%
Mi-femme, mi-oiseau SIRÈNE
46%
Défaite française passée dans le langage courant BÉRÉSINA
28%
Celle qui raconte RACONTEUSE
27%
Bêtises ÂNERIES
23%
Habitants de Haïti, la Guadeloupe, la Martinique, les Bahamas... CARIBÉENS
20%
Adepte des vide-greniers BROCANTEUSE
18%
Trop cuite CARBONISÉE
17%
Colorant Alimentaire Orange (E160a) CAROTÈNE
14%
Formule Brute : C3 H6 O ACÉTONE
13%
Gerbant ÉCOEURANT
11%
Gouffre rempli d'eau (Amérique Centrale) CENOTE
10%
Femmes pirates BOUCANIÈRES
3%
Pratiquantes du coupé-décalé BOUCANTIÈRES
0%
Aucun quiz correspondant
Distribution des résultats
% des personnes avec chaque résultat
Percentile par nombre de réponses
Votre historique - résultats
Vous n’avez pas pris ce quiz